[Event "España tch División de Honor Grupo 1"]
[Site "Palma de Mallorca ESP"]
[Date "2008.09.07"]
[Round "5.14"]
[White "Glud, Jakob Vang"]
[Black "Spraggett, Kevin"]
[Result "0-1"]
[PlyCount "66"]
[EventDate "2008.09.03"]
[EventType "team"]
[EventRounds "5"]
[EventCountry "ESP"]
[Source "lmi"]
[SourceDate "2008.09.03"]
[WhiteElo "2441"]
[BlackElo "2601"]

1. d4 Nf6 2. Nf3 e6 3. c4 c5 4. g3 cxd4 5. Nxd4 a6 6. Bg2 Qc7 7. b3 Bb4+ 8. Bd2
Be7 9. O-O d6 10. Nc3 O-O 11. Rc1 Nbd7 12. h3 Re8 13. e4 Ne5 14. Be3 Bd7 15. f4
Ng6 16. Qd2 Rac8 17. Qf2 h6 18. g4 Nh7 19. Nf3 Bf6 20. h4 Bxc3 21. Rxc3 Nf6 22.
Nh2 Bc6 23. h5 Nf8 24. Bb6 Qe7 25. Qe2 e5 26. f5 N8h7 27. Re1 Bxe4 28. Bxe4 d5
29. Bg2 Qb4 30. Re3 Qxb6 31. Kh1 e4 32. cxd5 Ng5 33. Rd1 Rcd8 0-1

[Event "España tch División de Honor Grupo 1"]
[Site "Palma de Mallorca ESP"]
[Date "2008.09.07"]
[Round "5.16"]
[White "Mascaro March, Pedro"]
[Black "Gomez Esteban, Juan Mario"]
[Result "0-1"]
[PlyCount "68"]
[EventDate "2008.09.03"]
[EventType "team"]
[EventRounds "5"]
[EventCountry "ESP"]
[Source "lmi"]
[SourceDate "2008.09.03"]
[WhiteElo "2367"]
[BlackElo "2503"]

1. d4 Nf6 2. c4 e6 3. Nf3 d5 4. Nc3 Be7 5. Bg5 h6 6. Bxf6 Bxf6 7. e3 O-O 8. Rc1
c6 9. Bd3 Nd7 10. O-O dxc4 11. Bxc4 e5 12. h3 exd4 13. exd4 Nb6 14. Bb3 Bf5 15.
Qd2 Qd6 16. Rfe1 Rae8 17. a3 Nd7 18. Ba2 Bd8 19. Re3 Qg6 20. Ne2 Rxe3 21. Qxe3
Bc7 22. d5 Bb6 23. Qf4 Bxh3 24. Ng3 Qg4 25. Qd6 Nf6 26. Rc4 Qd7 27. Qb4 cxd5
28. Rf4 Be6 29. Rxf6 gxf6 30. Qh4 Qc7 31. Nh5 Qc1+ 32. Kh2 Bc7+ 33. g3 Bd8 34.
Nd4 Qg5 0-1

[Event "España tch División de Honor Grupo 1"]
[Site "Palma de Mallorca ESP"]
[Date "2008.09.07"]
[Round "5.26"]
[White "Perez Candelario, Manuel"]
[Black "San Segundo Carrillo, Pablo"]
[Result "1/2-1/2"]
[PlyCount "30"]
[EventDate "2008.09.03"]
[EventType "team"]
[EventRounds "5"]
[EventCountry "ESP"]
[Source "lmi"]
[SourceDate "2008.09.03"]
[WhiteElo "2537"]
[BlackElo "2560"]

1. e4 c5 2. Nf3 Nc6 3. d4 cxd4 4. Nxd4 Nf6 5. Nc3 e5 6. Ndb5 d6 7. Bg5 a6 8.
Na3 b5 9. Nd5 Be7 10. Bxf6 Bxf6 11. c4 b4 12. Nc2 a5 13. Qf3 Be6 14. Rd1 Bxd5
15. cxd5 Na7 1/2-1/2

[Event "España tch División de Honor Grupo 1"]
[Site "Palma de Mallorca ESP"]
[Date "2008.09.07"]
[Round "5.35"]
[White "Giorgadze, Giorgi"]
[Black "Cifuentes Parada, Roberto"]
[Result "1/2-1/2"]
[PlyCount "77"]
[EventDate "2008.09.03"]
[EventType "team"]
[EventRounds "5"]
[EventCountry "ESP"]
[Source "lmi"]
[SourceDate "2008.09.03"]
[WhiteElo "2592"]
[BlackElo "2529"]

1. d4 d5 2. c4 c6 3. e3 Nf6 4. Nf3 g6 5. Nc3 Bg7 6. Bd3 O-O 7. O-O dxc4 8. Bxc4
Bg4 9. h3 Bxf3 10. Qxf3 Nbd7 11. Rd1 e5 12. Bb3 Qe7 13. dxe5 Nxe5 14. Qe2 Rad8
15. e4 Rxd1+ 16. Bxd1 Rd8 17. Bc2 b5 18. f4 Nc4 19. e5 Nd5 20. Nxd5 Rxd5 21.
Be4 Rd8 22. Be3 f6 23. Bf2 fxe5 24. Bxc6 a6 25. a4 e4 26. axb5 axb5 27. Bxe4
Qd6 28. Ra8 Rxa8 29. Bxa8 Bd4 30. b3 Bxf2+ 31. Qxf2 Qd1+ 32. Kh2 Nd2 33. g3
Nxb3 34. Qb6 Qe2+ 35. Kg1 Qe1+ 36. Kg2 Qe2+ 37. Kg1 Qe1+ 38. Kg2 Qe2+ 39. Kg1
1/2-1/2

[Event "España tch División de Honor Grupo 1"]
[Site "Palma de Mallorca ESP"]
[Date "2008.09.07"]
[Round "5.36"]
[White "Argandona Riveiro, Inigo"]
[Black "Salgado Lopez, Ivan"]
[Result "0-1"]
[PlyCount "94"]
[EventDate "2008.09.03"]
[EventType "team"]
[EventRounds "5"]
[EventCountry "ESP"]
[Source "lmi"]
[SourceDate "2008.09.03"]
[WhiteElo "2375"]
[BlackElo "2532"]

1. Nf3 d5 2. d4 Nf6 3. c4 e6 4. Nc3 c6 5. Bg5 h6 6. Bxf6 Qxf6 7. Qb3 a5 8. a3
a4 9. Qa2 Nd7 10. e4 dxe4 11. Nxe4 Qg6 12. Ng3 c5 13. Rd1 cxd4 14. Bd3 Qf6 15.
O-O g6 16. Ne4 Qe7 17. c5 Bg7 18. Nd6+ Kf8 19. Qc4 b6 20. Nxc8 Rxc8 21. Qa6
Qxc5 22. Bb5 Ke7 23. Bxd7 Kxd7 24. Nxd4 Ke7 25. Qxa4 Rhd8 26. Nb3 Qc4 27. Qa7+
Qc7 28. Rxd8 Qxa7 29. Rxc8 Bxb2 30. Rc2 Qxa3 31. Rb1 Be5 32. Nc1 Qd6 33. Ne2
Bxh2+ 34. Kf1 Be5 35. Rc4 Qd3 36. Rcb4 Bc7 37. Rc1 Qd6 38. Rd4 Qh2 39. Ng1 Bd6
40. Ra1 Qe5 41. Ne2 g5 42. g3 Bc5 43. Ra7+ Kf8 44. Rdd7 Qf5 45. f4 Qb1+ 46. Kg2
Qe4+ 47. Kh3 Qh1+ 0-1